000 00217nam a22001097a 4500
041 _aeng
080 _a80
100 _aBachmann, Albert
245 _aMittelhochdeutsches Lesebuch.
650 _aGerman
999 _c281023
_d281023
942 _cBK